| 000 | 00683nam a2200265 a 4500 | ||
|---|---|---|---|
| 001 | 30425 | ||
| 003 | AR-BaAGN | ||
| 005 | 20231116150029.0 | ||
| 007 | ta | ||
| 008 | 220625s1989 ag |||||r|||| ||||||spa d | ||
| 020 | _a950-602-196-1 | ||
| 040 |
_dAR-BaAGN _aAR-BaAGN _bspa _eaacr |
||
| 100 | 1 |
_aAbraham, Tomás, _d1946- _95389 |
|
| 245 | 1 | 0 | _aLos senderos de Foucault |
| 250 | _a1ª ed. | ||
| 260 |
_aBuenos Aires : _bNueva Visión, _c1989. |
||
| 300 | _a189 páginas | ||
| 336 |
_2rdacontent _btxt |
||
| 337 |
_2rdamedia _bn |
||
| 338 |
_2rdacarrier _bnc |
||
| 600 | 1 | 4 |
_aFoucault, Michel, _d1926-1984 _92685 |
| 650 | 4 |
_aFILOSOFÍA _91702 |
|
| 942 | _cLIBRO | ||
| 999 |
_c30425 _d30425 |
||